| 000 | 01021nam a2200181Ia 4500 | ||
|---|---|---|---|
| 008 | 100921s9999 xx 000 0 und d | ||
| 082 |
_b24310 _a808.2 थ 92 |
||
| 100 | _aमुळे प्रदिप,नाईक राजीव,तापस विजय. | ||
| 245 | _aतें आणि आम्ही-तेंडुलकरी नाटक आणि नाटकवाले. | ||
| 260 |
_bआविष्कार प्रकाशन,मुंबई. _c1992 |
||
| 300 |
_a208 _bमॅजेस्टीक प्रकाशन,पुणे. |
||
| 365 | _b125 | ||
| 520 | _aललित-नाटकशास्त्र,समीक्षा. | ||
| 630 | _aतें आणि आम्ही-तेंडुलकरी नाटक आणि नाटकवाले. | ||
| 650 | _aललित-नाटकशास्त्र,समीक्षा. | ||
| 730 | _aतें आणि आम्ही-तेंडुलकरी नाटक आणि नाटकवाले. | ||
| 942 | _cBOOK | ||
| 999 |
_c773423 _d773420 |
||